zpět

Detail výsledku týmu

Hostinec Depo, Český Krumlov

Datum a čas kvízu

22.5 Celkem bodů Celkový počet nahraných bodů na tomto kvízu bez doplňovacích otázek.
7. Pořadí na kvízu Konečné umístění týmu na tomto kvízu.

Zaznamenané odpovědi

# Otázka Odpověď Body Výsledky
1. Ředitel pražské zoologické zah... Miroslav Bobek 1
2. Minulé pondělí byly oznámeny k... Moldavsko (Moldávie) 0
3. Minulé pondělí bylo oznámeno p... Simpsonovi ve filmu 1
4. Od 1. října 2025 došlo na Leti... 2 000 mililitrů 1
5. Nejvyšší česká fotbalová liga... FC Viktoria Plzeň, FK Pardubice 0.5
6. Wikipedii s nejvyšší pravděpod... z havajštiny 1
7. Fanoušci kvízu občas jistě se... A 0
8. Dobrým zdrojem informací jsou... Jsi chytřejší než páťák? 0
9. Mnemotechnické pomůcky se hodí... barvy duhy (pořadí) 1
10. Někdy však k úspěchu v kvízu s... 1C 2A 3B 4D 0